000 00609nam a2200133Ia 4500
005 20260209120154.0
008 260209s9999||||xx |||||||||||||| ||und||
100 _aPhalguni Bhalla
245 0 _aInferring India's approach to regulation of GenAi chatbots under the responsible AI framework with a focus on minors : a comparative analysis of global approaches to ai risk regulation
260 _aBangaloreBangalore
_bNLSIU, Bangalore
_c2024 - 2025
300 _a53 p. ; 25 cm.
700 _aDr. Devyani Panda - SupervisorDr. Devyani Panda - Supervisor
856 _uhttps://dans.nls.ac.in/handle/123456789/2492
999 _c217830
_d217830